| 000 -CABECERA |
| campo de control de longitud fija |
01030nib a2200277ua 4500 |
| 001 - NÚMERO DE CONTROL |
| campo de control |
000083503 |
| 003 - IDENTIFICADOR DEL NÚMERO DE CONTROL |
| campo de control |
OSt |
| 005 - FECHA Y HORA DE LA ÚLTIMA TRANSACCIÓN |
| campo de control |
20230918171037.0 |
| 007 - CAMPO FIJO DE DESCRIPCIÓN FÍSICA--INFORMACIÓN GENERAL |
| campo de control de longitud fija |
vducgaiz |
| 008 - DATOS DE LONGITUD FIJA--INFORMACIÓN GENERAL |
| campo de control de longitud fija |
170809s1993 ck 041 e | z|spa d |
| 040 ## - FUENTE DE LA CATALOGACIÓN |
| Centro/agencia transcriptor |
CO-MqBPB |
| 041 ## - CÓDIGO DE LENGUA |
| Código de lengua del texto/banda sonora o título independiente |
spa |
| 043 ## - CÓDIGO DE ÁREA GEOGRÁFICA |
| Código de área geográfica |
s-ck--- |
| 090 ## - LOCALMENTE ASIGNADO TIPO-LC NÚMERO DE CLASIFICACIÓN (OCLC); NÚMERO DE CLASIFICACIÓN LOCAL (RLIN) |
| Número de clasificación (OCLC) (R) ; Numero de clasificación, CALL (RLIN) (NR) |
860.220 |
| Número cutter local (OCLC) ; Número de libro/Signatura topográfica íntegra, CALL (RLIN) |
M84a |
| 100 ## - ENTRADA PRINCIPAL--NOMBRE DE PERSONA |
| Nombre de persona |
Mújica, Elisa |
| Fechas asociadas al nombre |
1918-2003 |
| 245 10 - MENCIÓN DE TÍTULO |
| Título |
Aladino o la lámpara maravillosa(Conferencia) : |
| Resto del título |
[disco sonoro] / |
| Mención de responsabilidad, etc. |
Elisa Mújica. |
| 260 ## - PUBLICACIÓN, DISTRIBUCIÓN, ETC. |
| Lugar de publicación, distribución, etc. |
Bogotá : |
| Nombre del editor, distribuidor, etc. |
Casa de Poesía Silva, |
| Fecha de publicación, distribución, etc. |
1993. |
| 300 ## - DESCRIPCIÓN FÍSICA |
| Extensión |
1 disco compacto : |
| Otras características físicas |
sonido |
| Material acompañante/anejo |
(41 min.) |
| 490 #0 - MENCIÓN DE SERIE |
| Mención de serie |
Voces para el tiempo |
| Designación de volumen o secuencia |
220; v.2 |
| 500 ## - NOTA GENERAL |
| Nota general |
Aladino o la lámpara maravillosa. Elisa Mújica cuenta cuentos a los niños en la Casa de Poesía Silva |
| -- |
8 de mayo de 1993 |
| 650 14 - PUNTO DE ACCESO ADICIONAL DE MATERIA--TÉRMINO DE MATERIA |
| Término de materia o nombre geográfico como elemento de entrada |
Cuentos infantiles colombianos |
| Subdivisión de forma |
Congresos, conferencias, etc. |
| Subdivisión general |
Historia y crítica |
| Subdivisión cronológica |
Siglo XX |
| 650 14 - PUNTO DE ACCESO ADICIONAL DE MATERIA--TÉRMINO DE MATERIA |
| Término de materia o nombre geográfico como elemento de entrada |
Literatura infantil colombiana |
| Subdivisión cronológica |
Siglo XX |
| 650 14 - PUNTO DE ACCESO ADICIONAL DE MATERIA--TÉRMINO DE MATERIA |
| Término de materia o nombre geográfico como elemento de entrada |
Adaptaciones literarias |
| 700 1# - PUNTO DE ACCESO ADICIONAL--NOMBRE DE PERSONA |
| Nombre de persona |
Carranza, María Mercedes |
| Fechas asociadas al nombre |
1945-2003 |
| Término indicativo de función/relación |
Anuncio |
| 942 ## - ELEMENTOS DE PUNTO DE ACCESO ADICIONAL (KOHA) |
| Fuente del sistema de clasificación o colocación |
|
| Tipo de ítem Koha |
CDROM |